| 000 | 00904nam a22001935i 4500 | ||
|---|---|---|---|
| 001 | 160159 | ||
| 003 | ES-MaACL | ||
| 005 | 20251014063231.0 | ||
| 008 | 000104s1856 fr |||| | fre d | ||
| 040 |
_aM-RACE _bspa _cM-RACE _dCCPB | B |
||
| 100 | 1 |
_aMoreau de Jonnès, Alexandre, _d1776-1870 _9130151 |
|
| 245 | 1 | 0 |
_aEléments de Statistique _b: principes géneraux de cette science, sa classification, sa méthode, ses opérations, ses divers degrés de certitude, ses erreurs et ses progrés avec son application a la constatation des faits naturels sociaux et politiques, historiques et contemporains / _cpar Alex. Moreau de Jonnès. |
| 250 | _a2e éd. considerablement augm. | ||
| 260 |
_aParis : _bGuillaumin et C\pie\s, libraires, _c1856. |
||
| 300 |
_a464 p. ; _c18 cm. |
||
| 650 | 4 |
_aEstadística. _912520 |
|
| 852 |
_aES-MaACL _jG-10522 _z-- Enc. hol. |
||
| 999 |
_c160159 _d160159 |
||